01381cam a22002414a 4500020001800000020001800018082001500036245008300051250001200134260004700146300004700193650001400240700002300254700002100277942000700298952013700305952013600442952013600578952013600714952013600850952013600986999001701122 a9781598842036 a978159884204300a200.3bMEL00aReligions of the world : A Comprehensive Encyclopedia of Beliefs and Practices a2nd ed. aSanta Barbara, Calif. :bABC-CLIO,cc2010. a6 v. (cxvi, 3200, I-51 p.) :bill., maps ; 0aReligions1 aMelton, J. Gordon.1 aBaumann, Martin, cBK 00104070aHMIbHMIcREFd2023-08-01eKohinoor Book Distributorg56000.00l0o200.3 MEL VOL - 1p25868r2023-08-01w2023-08-01yBK 00104070aHMIbHMIcREFd2023-08-01eKohinoor Book Distributorg56000.00l0o200.3 MEL VOL -2p25869r2023-08-01w2023-08-01yBK 00104070aHMIbHMIcREFd2023-08-01eKohinoor Book Distributorg56000.00l0o200.3 MEL VOL -3p25870r2023-08-01w2023-08-01yBK 00104070aHMIbHMIcREFd2023-08-01eKohinoor Book Distributorg56000.00l0o200.3 MEL VOL -4p25871r2023-08-01w2023-08-01yBK 00104070aHMIbHMIcREFd2023-08-01eKohinoor Book Distributorg56000.00l0o200.3 MEL VOL -5p25872r2023-08-01w2023-08-01yBK 00104070aHMIbHMIcREFd2023-08-01eKohinoor Book Distributorg56000.00l0o200.3 MEL VOL -6p25873r2023-08-01w2023-08-01yBK c23328d23328